Statistiche per Riconosci la Squadra di calcio - Quiz n°123

Clicka qui per fare il quiz!

Statistiche generali

  • Questo quiz è stato fatto 3 volte
  • Il punteggio medio è 6 su 10

Statistiche sulle risposte

IndizioRisposta% Corretto
Titoli nazionali1 Segunda Division
2 Segunda Division B
100%
Colori socialiBianco, rosso
100%
SimboliFulmine
100%
ConfederazioneUEFA
67%
Trofei internazionali0
33%
Capienza Stadio15 500 posti
33%
Fondazione1924
33%
Trofei nazionali1 Copa de la Liga Segunda Division
33%
Divisione nazionale 2023-2024Prima
33%
SquadraRayo Vallecano
33%

Distribuzione punteggi

Percentile per numero di risposta

Percentuale di utenti per punteggio

I tuoi punteggi nel tempo

Non hai fatto questo quiz